| 000 | 00847cam a2200205 4500 | ||
|---|---|---|---|
| 001 | X103032 | ||
| 008 | 000000n1999 000 0 eng u | ||
| 035 | _a(Sirsi) u103032 | ||
| 100 | _aGrist, B | ||
| 245 | _aLaw and practice of third party planning appeals in the Republic of Ireland | ||
| 260 | _c1999 | ||
| 490 |
_aScottish Planning and Environmental Law _v(75) October 1999, 102-105 (4) |
||
| 520 | _aDescribes the third party appeal system as it relates to the planning procedure in Ireland. Provides an example of a successful third party appeal through the case of the seaside resort of Mulranny in County Mayo | ||
| 650 | _aTHIRD PARTY RIGHT OF APPEAL | ||
| 650 | _aIRELAND | ||
| 650 | _aPLANNING PROCESS | ||
| 650 | _aDEVELOPMENT CONTROL | ||
| 690 | _aENVIRONMENTAL AND LAND CONSULTANCY-PLANNING AND DEVELOPMENT | ||
| 942 | _n0 | ||
| 999 |
_c61915 _d61915 |
||